[Event "Budapest Karacsonyi op 5th"]
[Site "Budapest"]
[Date "2013.12.30"]
[Round "7"]
[White "Solti, Gergely"]
[Black "Persanyi, Barnabas"]
[Result "1-0"]
[WhiteElo "1856"]
[BlackElo "1681"]
[PlyCount "87"]
[EventDate "2013.12.27"]
[EventType "swiss"]
[EventRounds "7"]
[EventCountry "HUN"]
[SourceTitle "CBM 158 Extra"]
[Source "ChessBase"]
[SourceDate "2014.02.28"]
[SourceVersion "1"]
[SourceVersionDate "2014.02.28"]
[SourceQuality "1"]

1. e4 e6 2. d4 d5 3. Nc3 a6 4. Bd3 Nf6 5. Bg5 Be7 6. e5 Nfd7 7. Bxe7 Qxe7 8. f4 c5 9. dxc5 Qxc5 10. Qd2 Nc6 11. Nf3 h6 12. Na4 Qa7 13. Qf2 b5 14. Nc3 Qxf2+ 15. Kxf2 Bb7 16. Ne2 g5 17. g3 d4 18. Rhg1 0-0-0 19. Be4 d3 20. cxd3 Nc5 21. Ke3 Nxe4 22. dxe4 Nb4 23. Rgc1+ Kb8 24. Rc3 gxf4+ 25. gxf4 Rc8 26. Nfd4 Rxc3+ 27. bxc3 Nc6 28. Nxc6+ Bxc6 29. Nd4 Kc7 30. Rg1 Kb6 31. Nxc6 Kxc6 32. Rg7 Rf8 33. Rh7 Kc5 34. Kd2 Rg8 35. Rxf7 Rg2+ 36. Kd3 Rxa2 37. f5 exf5 38. exf5 Rxh2 39. e6 Kd6 40. Rd7+ Kc6 41. f6 Rf2 42. f7 Rf6 43. Rd8 h5 44. e7 1-0

[Event "Budapest Karacsonyi op 5th"]
[Site "Budapest"]
[Date "2013.12.29"]
[Round "4"]
[White "Barabas, Attila"]
[Black "Solti, Gergely"]
[Result "1/2-1/2"]
[WhiteElo "1971"]
[BlackElo "1856"]
[PlyCount "102"]
[EventDate "2013.12.27"]
[EventType "swiss"]
[EventRounds "7"]
[EventCountry "HUN"]
[SourceTitle "CBM 158 Extra"]
[Source "ChessBase"]
[SourceDate "2014.02.28"]
[SourceVersion "1"]
[SourceVersionDate "2014.02.28"]
[SourceQuality "1"]

1. d4 Nf6 2. Nc3 d5 3. Bg5 Ne4 4. Nxe4 dxe4 5. e3 c5 6. c3 Qb6 7. Rb1 Nc6 8. Qa4 cxd4 9. exd4 e6 10. Qb5 Qxb5 11. Bxb5 Bd7 12. Ne2 Be7 13. Bxe7 Kxe7 14. Ng3 f5 15. Bxc6 Bxc6 16. 0-0 h5 17. c4 h4 18. Ne2 g5 19. Nc3 Rad8 20. Rbd1 b6 21. Rd2 h3 22. g3 f4 23. d5 Bb7 24. Re1 exd5 25. Nxd5+ Bxd5 26. cxd5 Kd6 27. Rxe4 Rhe8 28. Re6+ Rxe6 29. dxe6+ Ke7 30. Rxd8 Kxd8 31. gxf4 gxf4 32. Kf1 Ke7 33. Ke2 Kxe6 34. f3 Kd6 35. Kd3 Kd5 36. a4 a6 37. b3 a5 38. Kc3 Kc5 39. b4+ axb4+ 40. Kb3 Kd4 41. Kxb4 Ke3 42. Kb5 Kxf3 43. Kxb6 Ke3 44. a5 f3 45. a6 f2 46. a7 f1Q 47. a8Q Qb1+ 48. Kc5 Qc2+ 49. Kb5 Qb2+ 50. Kc5 Qc3+ 51. Kb5 Qb3+ 1/2-1/2

[Event "Budapest Karacsonyi op 2nd"]
[Site "Budapest"]
[Date "2010.12.28"]
[Round "2"]
[White "Solti, Gergely"]
[Black "Juhasz, Armin"]
[Result "1/2-1/2"]
[WhiteElo "1835"]
[BlackElo "1998"]
[PlyCount "68"]
[EventDate "2010.12.27"]
[EventType "swiss"]
[EventRounds "7"]
[EventCountry "HUN"]
[SourceTitle "EXT 2022"]
[Source "ChessBase"]
[SourceDate "2021.10.06"]
[SourceVersion "1"]
[SourceVersionDate "2021.10.06"]
[SourceQuality "1"]

1. e4 c6 2. d4 d5 3. Nc3 dxe4 4. Nxe4 Bf5 5. Ng3 Bg6 6. Nh3 e6 7. Nf4 Bd6 8. Bc4 Nf6 9. h4 Qc7 10. Nxg6 hxg6 11. Qf3 Nbd7 12. Bg5 0-0-0 13. 0-0-0 Rde8 14. Bb3 Rhf8 15. c4 Qa5 16. c5 Bxg3 17. fxg3 e5 18. Bd2 Qc7 19. Kb1 exd4 20. Bf4 Ne5 21. Qf2 d3 22. Rhe1 Nfd7 23. Qd4 f6 24. Rxd3 Qa5 25. Rc3 Re7 26. Bd2 Qd8 27. Rcc1 Nb8 28. Qxd8+ Rxd8 29. Bf4 Rde8 30. Red1 Nbd7 31. Rc3 Ng4 32. Bd6 Re3 33. Rxe3 Rxe3 34. Bf7 g5 1/2-1/2

[Event "Budapest FS07 FM-B"]
[Site "Budapest"]
[Date "2010.07.06"]
[Round "1.4"]
[White "Toth, Antal"]
[Black "Solti, Gergely"]
[Result "1/2-1/2"]
[WhiteElo "1694"]
[BlackElo "1818"]
[PlyCount "134"]
[EventDate "2010.07.03"]
[EventType "tourn"]
[EventRounds "10"]
[EventCountry "HUN"]
[SourceTitle "CBM 137 Extra"]
[Source "ChessBase"]
[SourceDate "2010.09.01"]
[SourceVersion "1"]
[SourceVersionDate "2010.09.01"]
[SourceQuality "1"]

1. e4 c5 2. Nf3 Nc6 3. d4 cxd4 4. Nxd4 g6 5. Nc3 Bg7 6. Be3 Nf6 7. Be2 0-0 8. 0-0 d6 9. f3 Bd7 10. Qd2 Ne5 11. Nb3 a6 12. Nd5 Nxd5 13. exd5 Rc8 14. c3 Qc7 15. Rfd1 Ba4 16. Kh1 Nc4 17. Bxc4 Qxc4 18. Qd3 Bxb3 19. axb3 Qxb3 20. Qb1 Rc4 21. Ra3 Qb5 22. Qa2 Rfc8 23. Rb3 Qd7 24. h3 Be5 25. Rb6 Rh4 26. Kg1 Rc7 27. Qb3 a5 28. Ra1 a4 29. Qb5 Qf5 30. Rxb7 Rxb7 31. Qxb7 Qd3 32. Bf2 Rc4 33. Qxe7 Qxd5 34. Qa7 Qd2 35. Qb6 Qf4 36. Kf1 a3 37. Be3 Qf5 38. Qb3 Qd3+ 39. Kf2 Bf6 40. Bh6 Bd4+ 41. Kg3 Be5+ 42. Kf2 Rc8 43. Rxa3 Re8 44. Ra1 Bh2 45. Qd1 Qb5 46. Qd2 Qh5 47. Qg5 Qxg5 48. Bxg5 Be5 49. Ra6 Rb8 50. Ra2 Kg7 51. f4 Bf6 52. Bxf6+ Kxf6 53. Ke3 Re8+ 54. Kf3 h5 55. g3 Ke6 56. b4 Kd5 57. Rd2+ Kc4 58. Rxd6 Kxc3 59. b5 Kc4 60. b6 Kc5 61. Rf6 Re7 62. g4 Kd4 63. gxh5 gxh5 64. Rd6+ Kc5 65. Rf6 Rb7 66. Rf5+ Kxb6 67. Rxh5 Kc6 1/2-1/2

[Event "Budapest FS07 FM-B"]
[Site "Budapest"]
[Date "2010.07.04"]
[Round "1.2"]
[White "Hegedus, Peter"]
[Black "Solti, Gergely"]
[Result "0-1"]
[WhiteElo "1863"]
[BlackElo "1818"]
[PlyCount "86"]
[EventDate "2010.07.03"]
[EventType "tourn"]
[EventRounds "10"]
[EventCountry "HUN"]
[SourceTitle "CBM 137 Extra"]
[Source "ChessBase"]
[SourceDate "2010.09.01"]
[SourceVersion "1"]
[SourceVersionDate "2010.09.01"]
[SourceQuality "1"]

1. e4 d5 2. exd5 Nf6 3. c4 c6 4. Nc3 cxd5 5. cxd5 Nxd5 6. Bc4 Nb6 7. Bb3 Nc6 8. Nge2 g6 9. d4 Bg7 10. Be3 0-0 11. 0-0 Bg4 12. Qd2 Na5 13. Bc2 Nac4 14. Qc1 Nxe3 15. fxe3 Bxe2 16. Nxe2 Rc8 17. Nc3 Bh6 18. Bb3 e6 19. Qe1 Nc4 20. Bxc4 Rxc4 21. Rf3 Qb6 22. b3 Rc6 23. Ne4 f5 24. Nc5 Qc7 25. Rh3 Bg5 26. Rg3 Bf6 27. Rf3 Rxc5 28. dxc5 Bxa1 29. Qxa1 Qxc5 30. Qd1 Qa5 31. Rf2 Rd8 32. Qc1 Qd5 33. Qc7 Rd7 34. Qc8+ Kg7 35. e4 Qd1+ 36. Rf1 Qd4+ 37. Rf2 f4 38. Qe8 e5 39. Qe6 Rc7 40. h3 Rc1+ 41. Kh2 Qxf2 42. Qe7+ Kh6 43. Qf8+ Kh5 0-1

[Event "Budapest FS07 FM-B"]
[Site "Budapest"]
[Date "2010.07.03"]
[Round "1.1"]
[White "Benyeda, Tibor"]
[Black "Solti, Gergely"]
[Result "0-1"]
[WhiteElo "1642"]
[BlackElo "1818"]
[PlyCount "89"]
[EventDate "2010.07.03"]
[EventType "tourn"]
[EventRounds "10"]
[EventCountry "HUN"]
[SourceTitle "CBM 137 Extra"]
[Source "ChessBase"]
[SourceDate "2010.09.01"]
[SourceVersion "1"]
[SourceVersionDate "2010.09.01"]
[SourceQuality "1"]

1. Nf3 Nf6 2. c4 g6 3. Nc3 d5 4. cxd5 Nxd5 5. e4 Nxc3 6. dxc3 Qxd1+ 7. Kxd1 Bg7 8. Bf4 c6 9. Kc2 0-0 10. Rd1 Nd7 11. Bd3 Nc5 12. Be5 Bg4 13. Bxg7 Kxg7 14. h3 Bxf3 15. gxf3 e5 16. h4 h5 17. Rhg1 Rad8 18. Rg5 f6 19. Rg3 b5 20. Be2 Ne6 21. Rd2 Rxd2+ 22. Kxd2 Rd8+ 23. Ke3 Nf4 24. Rg1 Kh6 25. b4 g5 26. hxg5+ fxg5 27. a3 h4 28. c4 h3 29. Bf1 Kh5 30. cxb5 cxb5 31. Rh1 Rd1 32. Rxh3+ Nxh3 33. Bxh3 Ra1 34. Bd7 Rxa3+ 35. Ke2 Rb3 36. Bxb5 Rxb4 37. Be8+ Kh4 38. Bd7 a5 39. Be6 a4 40. Kd2 a3 41. Kd3 Rb2 42. Kc3 Rxf2 43. Bb3 a2 44. Bxa2 Rxa2 45. Kc4 0-1

[Event "Budapest FS08 FM-C"]
[Site "Budapest"]
[Date "2009.08.05"]
[Round "5"]
[White "Solti, Gergely"]
[Black "Mihajlova, Diana"]
[Result "1-0"]
[WhiteElo "1839"]
[BlackElo "1527"]
[PlyCount "75"]
[EventDate "2009.08.01"]
[EventType "tourn"]
[EventRounds "13"]
[EventCountry "HUN"]
[SourceTitle "CBM 131 Extra"]
[Source "ChessBase"]
[SourceDate "2009.09.03"]
[SourceVersion "2"]
[SourceVersionDate "2009.09.16"]
[SourceQuality "1"]

1. e4 d5 2. exd5 Nf6 3. d4 Bg4 4. f3 Bf5 5. Ne2 e6 6. Ng3 Bg6 7. dxe6 Nc6 8. exf7+ Kxf7 9. Bc4+ Nd5 10. 0-0 Be7 11. Nc3 Ncb4 12. Nge4 c6 13. a3 b5 14. Bb3 Na6 15. f4 Bf5 16. g4 Bxe4 17. Nxe4 h6 18. g5 hxg5 19. fxg5+ Ke8 20. Qg4 c5 21. Qe6 c4 22. Qc6+ Qd7 23. Qxa8+ Bd8 24. Ba2 Nb6 25. Nd6+ Qxd6 26. Qe4+ Kd7 27. Rf7+ Be7 28. Bf4 Qe6 29. Qxe6+ Kxe6 30. Rxg7 Rh4 31. Bg3 Rxd4 32. Re1+ Kf5 33. Rgxe7 Nd7 34. c3 Rd2 35. Bb1+ Kxg5 36. Rf1 Nac5 37. Rf5+ Kg4 38. Rg7+ 1-0

[Event "Budapest FS08 FM-C"]
[Site "Budapest"]
[Date "2009.08.03"]
[Round "3"]
[White "Solti, Gergely"]
[Black "Vinnay, Istvan"]
[Result "0-1"]
[WhiteElo "1839"]
[BlackElo "1819"]
[PlyCount "106"]
[EventDate "2009.08.01"]
[EventType "tourn"]
[EventRounds "13"]
[EventCountry "HUN"]
[SourceTitle "CBM 131 Extra"]
[Source "ChessBase"]
[SourceDate "2009.09.03"]
[SourceVersion "2"]
[SourceVersionDate "2009.09.16"]
[SourceQuality "1"]

1. e4 c5 2. d4 cxd4 3. c3 dxc3 4. Nxc3 Nc6 5. Nf3 d6 6. Bc4 Nf6 7. 0-0 e6 8. Qe2 Be7 9. Rd1 Qc7 10. Bf4 a6 11. e5 dxe5 12. Nxe5 Nxe5 13. Bxe5 Qa5 14. b4 Bxb4 15. Bxf6 gxf6 16. Nd5 Be7 17. Nxe7 Kxe7 18. Qd3 Rd8 19. Qxh7 Bd7 20. Qb1 b5 21. Be2 Bc6 22. Rxd8 Rxd8 23. Qc1 Qb6 24. Qa3+ Ke8 25. Qc3 Ke7 26. Rc1 Bd5 27. Qc7+ Qxc7 28. Rxc7+ Rd7 29. Rxd7+ Kxd7 30. a3 Be4 31. f3 Bh7 32. g4 Kc6 33. Kf2 a5 34. Ke3 Kc5 35. Bd3 Bxd3 36. Kxd3 b4 37. axb4+ axb4 38. h4 Kd6 39. h5 Ke7 40. Kc4 Kf8 41. Kxb4 Kg7 42. Kc5 Kh6 43. Kd6 f5 44. gxf5 exf5 45. Ke5 Kg5 46. f4+ Kxh5 47. Kxf5 Kh4 48. Kf6 Kg4 49. Ke5 f5 50. Kd4 Kxf4 51. Kd3 Kf3 52. Kd2 f4 53. Ke1 Kg2 0-1

[Event "Budapest FS07 FM-C"]
[Site "Budapest"]
[Date "2008.07.12"]
[Round "2.3"]
[White "Fabian, Laszlo"]
[Black "Solti, Gergely"]
[Result "0-1"]
[WhiteElo "1846"]
[BlackElo "1801"]
[PlyCount "142"]
[EventDate "2008.07.05"]
[EventType "tourn"]
[EventRounds "10"]
[EventCountry "HUN"]
[SourceTitle "EXT 2011"]
[Source "ChessBase"]
[SourceDate "2010.11.26"]
[SourceVersion "1"]
[SourceVersionDate "2010.11.26"]
[SourceQuality "1"]

1. e4 c5 2. Nc3 d6 3. Nf3 Nf6 4. Bc4 Nc6 5. 0-0 Bg4 6. h3 Bxf3 7. Qxf3 Ne5 8. Bb5+ Nfd7 9. Qe2 e6 10. f4 Nc6 11. f5 Nd4 12. Bxd7+ Qxd7 13. Qd3 0-0-0 14. Ne2 Nc6 15. c3 d5 16. exd5 exd5 17. Qc2 c4 18. d4 cxd3 19. Qxd3 Bc5+ 20. Kh1 Ne5 21. Qc2 Rhe8 22. Bf4 Nc4 23. Nd4 Ne3 24. Bxe3 Rxe3 25. Rad1 Qd6 26. Qf2 Rde8 27. b4 Bxd4 28. cxd4 Qxb4 29. Rc1+ Kd7 30. Qc2 Qb6 31. Qa4+ Kd8 32. Rb1 Qh6 33. Qa5+ b6 34. Qxd5+ Ke7 35. Rbe1 Kf8 36. Rxe3 Qxe3 37. Qd6+ Qe7 38. Qf4 Qa3 39. f6 Kg8 40. Qg5 g6 41. h4 h5 42. Qb5 Re4 43. Qg5 Qe3 44. Qxe3 Rxe3 45. Rd1 Kf8 46. d5 Ke8 47. Rd4 Ra3 48. Re4+ Kf8 49. Rd4 Rxa2 50. d6 Ke8 51. Re4+ Kd8 52. Re7 Rd2 53. Rxf7 Rxd6 54. Rf8+ Kd7 55. Rf7+ Ke6 56. Rxa7 Kxf6 57. Kg1 Ke5 58. Kf2 Kd4 59. Rb7 Kc4 60. Ke3 b5 61. Rc7+ Kb4 62. Rc1 Ka3 63. Rc3+ Kb2 64. Rc7 b4 65. Rb7 b3 66. Ke4 Kc2 67. Rc7+ Kb1 68. Rb7 b2 69. Rc7 Ra6 70. Kd3 Ra4 71. Rc6 Ka1 0-1

[Event "Budapest FS07 FM-C"]
[Site "Budapest"]
[Date "2008.07.07"]
[Round "1.3"]
[White "Solti, Gergely"]
[Black "Fabian, Laszlo"]
[Result "1-0"]
[WhiteElo "1801"]
[BlackElo "1846"]
[PlyCount "85"]
[EventDate "2008.07.05"]
[EventType "tourn"]
[EventRounds "10"]
[EventCountry "HUN"]
[SourceTitle "EXT 2011"]
[Source "ChessBase"]
[SourceDate "2010.11.26"]
[SourceVersion "1"]
[SourceVersionDate "2010.11.26"]
[SourceQuality "1"]

1. e4 e5 2. Nf3 Nc6 3. Bb5 Nf6 4. 0-0 Be7 5. Re1 d5 6. Nxe5 Bd7 7. Nxd7 Qxd7 8. exd5 Nxd5 9. d3 0-0 10. Bxc6 bxc6 11. Be3 Bd6 12. Nd2 Rfe8 13. Ne4 Nxe3 14. Rxe3 Bf8 15. Rg3 Qe6 16. Qh5 f5 17. Nd2 g6 18. Qd1 Qe2 19. Nc4 Bc5 20. Rf3 Rad8 21. Qxe2 Rxe2 22. c3 Rde8 23. Kf1 Bd6 24. g3 Bf8 25. Re3 R8xe3 26. Nxe3 Rxb2 27. d4 Bg7 28. a4 Rb3 29. Nd1 a5 30. Ke2 g5 31. Kd3 Rb8 32. Ne3 f4 33. Nc4 fxg3 34. hxg3 c5 35. Nxa5 cxd4 36. Nc6 Rb2 37. cxd4 Rxf2 38. a5 Rf8 39. a6 Ra8 40. a7 Kf7 41. Rb1 Ke6 42. Rb8 Rxa7 43. Nxa7 1-0